00350nam a2200133Ia 4500008004100000041000800041082001200049100001400061245004500075250001400120260004200134300003300176365000700209240624s9999 xx 000 0 und d aeng a343 KUM aKUMAR H L aLAW RELATING TO LEAVE HOLIDAYS AND ABSEN a(7th ed.) c2005aDelhibUniversal Law Publishing axxxiv, : 278 : p. : cm. ; 22 cRS